| 000 | 00460nam a22001577a 4500 | ||
|---|---|---|---|
| 003 | OSt | ||
| 005 | 20151118141021.0 | ||
| 008 | 151118b xxu||||| |||| 00| 0 eng d | ||
| 040 | _cRUA | ||
| 082 | _aFIS ឈួន 1992 B147 Or.1 | ||
| 100 |
_93856 _aឈួន ចំណាន |
||
| 245 | _aព្រៃលិចទិកក្នុងខេត្តព្រៃវែង | ||
| 260 |
_aPhnom Penh _bRUA _c1992 |
||
| 300 |
_a134p. _bill. _c29cm. |
||
| 942 |
_2ddc _cFIS |
||
| 999 |
_c3585 _d3585 |
||